000 00549nam a22001937a 4500
003 SISC
005 20160317151558.0
008 130830t xxu||||| |||| 00| 0 eng d
020 _a9780811804813
050 _aNK 1059
_b.R53 1994
082 _aHS 745.09598
_bR41 1994
100 _aRichter, Anne
_915837
245 _aArts and crafts of Indonesia /
_cAnne Richter.
260 _aLondon :
_bThames and Hudson Ltd,
_c c1994.
300 _a160 p. ;
_c25 cm.
650 _aDecorative arts
_xIndonesia.
_915838
942 _2lcc
_cBK
999 _c10039
_d10039